<?xml version="1.0" encoding="UTF-8"?>
<record
    xmlns:xsi="http://www.w3.org/2001/XMLSchema-instance"
    xsi:schemaLocation="http://www.loc.gov/MARC21/slim http://www.loc.gov/standards/marcxml/schema/MARC21slim.xsd"
    xmlns="http://www.loc.gov/MARC21/slim">

  <leader>00928nam a22002897a 4500</leader>
  <controlfield tag="003">AR-RoUNA</controlfield>
  <controlfield tag="005">20250213170418.0</controlfield>
  <controlfield tag="008">250213b        |||||||| |||| 00| 0 spa d</controlfield>
  <datafield tag="020" ind1=" " ind2=" ">
    <subfield code="a">9789560101778</subfield>
  </datafield>
  <datafield tag="040" ind1=" " ind2=" ">
    <subfield code="a">AR-RoUNA</subfield>
    <subfield code="b">spa</subfield>
    <subfield code="d">AR-RoUNA</subfield>
  </datafield>
  <datafield tag="041" ind1=" " ind2=" ">
    <subfield code="a">spa</subfield>
    <subfield code="h">spa</subfield>
  </datafield>
  <datafield tag="044" ind1=" " ind2=" ">
    <subfield code="a">ag</subfield>
  </datafield>
  <datafield tag="100" ind1="1" ind2=" ">
    <subfield code="a">Mattos, Carlos A. de</subfield>
    <subfield code="9">26882</subfield>
  </datafield>
  <datafield tag="245" ind1="1" ind2=" ">
    <subfield code="a">Revolucion urbana :</subfield>
    <subfield code="b">estado, mercado y capital en America Latina /</subfield>
    <subfield code="c"> Carlos A. de Mattos</subfield>
  </datafield>
  <datafield tag="250" ind1=" " ind2=" ">
    <subfield code="a">1a. ed.</subfield>
  </datafield>
  <datafield tag="260" ind1=" " ind2=" ">
    <subfield code="a">Providencia, Santiago De Chile :</subfield>
    <subfield code="b">RIL editores - Instituto de Estudios Urbanos y Territoriales UC,</subfield>
    <subfield code="c">2015</subfield>
  </datafield>
  <datafield tag="300" ind1=" " ind2=" ">
    <subfield code="a">320 p.:</subfield>
    <subfield code="c">23x15 cm</subfield>
  </datafield>
  <datafield tag="490" ind1=" " ind2=" ">
    <subfield code="a">Estudios Urbanos UC</subfield>
  </datafield>
  <datafield tag="650" ind1="4" ind2=" ">
    <subfield code="a">Urbanismo</subfield>
    <subfield code="z">Chile</subfield>
  </datafield>
  <datafield tag="650" ind1="4" ind2=" ">
    <subfield code="a">Desarrollo urbano</subfield>
    <subfield code="z">America Latina</subfield>
  </datafield>
  <datafield tag="650" ind1="4" ind2=" ">
    <subfield code="a">Planificacion urbana</subfield>
  </datafield>
  <datafield tag="908" ind1=" " ind2=" ">
    <subfield code="a">Imp</subfield>
  </datafield>
  <datafield tag="930" ind1=" " ind2=" ">
    <subfield code="e">12143</subfield>
  </datafield>
  <datafield tag="942" ind1=" " ind2=" ">
    <subfield code="2">ddc</subfield>
    <subfield code="c">LIB</subfield>
  </datafield>
  <datafield tag="945" ind1=" " ind2=" ">
    <subfield code="a">MIA</subfield>
    <subfield code="d">2025-02-13</subfield>
  </datafield>
  <datafield tag="980" ind1=" " ind2=" ">
    <subfield code="6">1</subfield>
    <subfield code="a">Maricel Allasia</subfield>
    <subfield code="8">1</subfield>
    <subfield code="g">Maricel Allasia</subfield>
  </datafield>
  <datafield tag="999" ind1=" " ind2=" ">
    <subfield code="c">11765</subfield>
    <subfield code="d">11765</subfield>
  </datafield>
  <datafield tag="952" ind1=" " ind2=" ">
    <subfield code="0">0</subfield>
    <subfield code="1">0</subfield>
    <subfield code="2">cdu</subfield>
    <subfield code="4">0</subfield>
    <subfield code="5">0</subfield>
    <subfield code="7">0</subfield>
    <subfield code="a">AR-RoUNA</subfield>
    <subfield code="b">AR-RoUNA</subfield>
    <subfield code="d">2025-02-13</subfield>
    <subfield code="e">Don</subfield>
    <subfield code="l">0</subfield>
    <subfield code="o">711.4  M444</subfield>
    <subfield code="p">18252</subfield>
    <subfield code="t">ej. 1</subfield>
    <subfield code="y">LIB</subfield>
    <subfield code="x"></subfield>
  </datafield>
</record>
